| 000 | 01052nac a22003011i 4500 | ||
|---|---|---|---|
| 003 | EG-ScBUE | ||
| 005 | 20241208100818.0 | ||
| 008 | 241208t1999 nyua f b 001 0 eng d | ||
| 020 | _a0387986588 (alk. paper) | ||
| 020 | _a9780387986586 | ||
| 040 |
_aEG-ScBUE _beng _erda _cEG-ScBUE _dEG-ScBUE |
||
| 082 | 0 | 4 |
_a519.55 _bAKA _222 |
| 245 | 0 | 4 |
_aThe practice of time series analysis / _cHirotugu Akaike, Genshiro Kitagawa, editors. |
| 264 | 1 |
_aNew York : _bSpringer, _c[1999] |
|
| 264 | 4 | _cc1999 | |
| 300 |
_axviii, 386 pages : _billustrations ; _c25 cm. |
||
| 336 |
_2rdacontent _atext _btxt |
||
| 337 |
_aunmediated _2rdamedia _bn |
||
| 338 |
_avolume _bnc _2rdacarrier |
||
| 490 | 0 | _aStatistics for engineering and physical science | |
| 504 | _aIncludes bibliographical references and index. | ||
| 650 | 7 |
_aEngineering _xStatistical methods. _2BUEsh |
|
| 650 | 7 |
_aTime-series analysis. _2BUEsh |
|
| 655 | _vReading book | ||
| 700 | 1 |
_aKitagawa, G. _d1948- _q(Genshiro), _eeditor. |
|
| 700 | 1 |
_aAkaike, Hirotugu, _eeditor. |
|
| 942 |
_cBB _2ddc |
||
| 999 |
_c6810 _d6810 |
||